[Event "Penta Media GM"]
[Site "Kelamabakkam IND"]
[Date "2000.08.15"]
[Round "2"]
[White "Ganguly,S"]
[Black "Vladimirov,E"]
[Result "1/2-1/2"]
[WhiteElo "2498"]
[BlackElo "2598"]

1.e4 e6 2.d4 d5 3.Nd2 a6 4.Ngf3 c5 5.exd5 exd5 6.dxc5 Bxc5 7.Bd3 Qe7+ 8.Qe2 Qxe2+
9.Kxe2 Nf6 10.Nb3 Bb6 11.Re1 O-O 12.Kf1 Nc6 13.Be3 Bxe3 14.Rxe3 Nb4 15.c3 Nxd3
16.Rxd3 a5 17.Nbd4 b6 18.Kg1 Re8 19.Re1 Re4 20.Rde3 Kf8 21.Ne5 Ba6 22.f3 Rxe3
23.Rxe3 Rd8 24.Kf2 Rc8 25.g4 Rc7 26.g5 Ne8 27.h4 Bc8 28.Nd3 g6 29.Nf4 Bb7
30.h5 Re7 31.Rxe7 Kxe7 32.Ke3 Kd6 33.Nb5+ Ke5 34.Nd3+ Kf5 35.hxg6 Kxg6 36.Kf4 f6
37.gxf6 Kxf6 38.Ne5 Bc8 39.c4 Ng7 40.cxd5 Nh5+ 41.Ke4 Ng3+ 42.Kd4 Ne2+ 43.Ke4 Bf5+
44.Ke3 Kxe5 45.Kxe2 Kxd5 46.Ke3 Bd7 47.Nc3+ Ke5 48.f4+ Kf5 49.b4 axb4 50.Nd5 Be6
51.Nxb4 Kg4 52.a3 h5 53.Nd3 Kg3 54.Nf2 Bf5 55.Nh1+ Kg2 56.Nf2 h4 57.Ke2 Be6
58.Ke3 Bd7 59.Ke2 Bf5 60.Ke3 Kg3 61.Nh1+ Kg2 62.Nf2 Bd7 63.Ke2 h3 64.Nxh3 Kxh3
65.f5 Kg4 66.f6 Be8 67.a4 Kf5 68.a5 b5 69.a6 Kxf6 70.a7 Bc6 71.Kd3 Ke7 72.Kc3  1/2-1/2

[Event "Lost Boys Open"]
[Site "Amsterdam NED"]
[Date "2000.08.19"]
[Round "9"]
[White "Shchekachev,A"]
[Black "Hillarp Persson,T"]
[Result "1-0"]
[WhiteElo "2503"]
[BlackElo "2549"]

1.e4 e6 2.d4 d5 3.Nd2 Be7 4.Bd3 Nc6 5.Ngf3 Nb4 6.Be2 c5 7.c3 Nc6 8.O-O cxd4
9.cxd4 dxe4 10.Nxe4 Nf6 11.Nc3 O-O 12.a3 a6 13.Bd3 b5 14.Bc2 Bb7 15.Qd3 g6
16.Bh6 Re8 17.Rad1 Rc8 18.Rfe1 b4 19.Nb1 bxa3 20.bxa3 Qc7 21.Ba4 Ng4 22.Qd2 Red8
23.Bf4 Qa5 24.Qb2 Qxa4 25.Qxb7 Qb5 26.Qxb5 axb5 27.Re2 Nf6 28.h3 Nd5 29.Bg3 Na7
30.Bh4 Bxh4 31.Nxh4 Rc4 32.Nf3 Rdc8 33.Rb2 Rc1 34.Rxc1 Rxc1+ 35.Kh2 f6 36.Nbd2 Kf7
37.Ne4 Ke7 38.Nc5 Kd6 39.Re2 Nc7 40.Nd2 Nc6 41.Ncb3 Rd1 42.Ne4+ Ke7 43.Rc2 Kd7
44.Nxf6+ Kd6 45.Ne4+ Kd7 46.Nbc5+ Kc8 47.Nxe6 Nxe6 48.Rxc6+ Kd7 49.Ra6 Rxd4
50.Nf6+ Ke7 51.Nxh7 Ra4 52.Rb6 Nd4 53.Rxg6 Rxa3 54.Rb6 Ra2 55.f4 Rf2 56.Nf6 Rc2
57.Nd5+ Kf7 58.h4 Rc5 59.Ne3 Ne2 60.f5 Re5 61.Ng4 Re4 62.Nh6+ Kg7 63.g4 b4
64.Rg6+ Kh7 65.Nf7 Rc4 66.Ng5+ Kh8 67.f6  1-0

[Event "5th Paks Cup GM"]
[Site "Paks HUN"]
[Date "2000.08.19"]
[Round "1"]
[White "Rogic,D"]
[Black "Kritz,L"]
[Result "1/2-1/2"]
[WhiteElo "2501"]
[BlackElo "2424"]

1.e4 e6 2.d4 d5 3.Nd2 Be7 4.Bd3 c5 5.dxc5 Nf6 6.Qe2 Bxc5 7.Ngf3 Nc6 8.a3 Qc7
9.O-O O-O 10.exd5 exd5 11.Nb3 Bb6 12.Be3 Bg4 13.Bxb6 Qxb6 14.Qe3 Qxe3 15.fxe3 Rfe8
16.Rae1 Re7 17.h3 Bxf3 18.gxf3 Ne5 19.Kf2 Rc8 20.Nd4 g6 21.Rd1 Nfd7 22.h4 f5
23.h5 Nf6 24.hxg6 hxg6 25.Rh1 Rf8 26.Rdg1 Kf7 27.Rh6 Ng8 28.Rh4 Nf6 29.Rh6 Ng8
30.Rh8 Nf6 31.Rxf8+ Kxf8 32.Rh1 Kf7 33.Rh8 Re8 34.Rxe8 Nxe8 35.Be2 Nd6 36.a4 Kf6
37.Nb5  1/2-1/2

[Event "zt 2.32"]
[Site "Guatemala City GUA"]
[Date "2000.08.20"]
[Round "6"]
[White "Murillo,A"]
[Black "Juarez Flores,C"]
[Result "1/2-1/2"]
[WhiteElo "2393"]
[BlackElo "2392"]

1.e4 e6 2.d4 d5 3.Nd2 Nc6 4.Ngf3 Nf6 5.e5 Nd7 6.Be2 f6 7.exf6 Qxf6 8.Nf1 Bd6
9.Ne3 O-O 10.O-O Ne7 11.g3 h6 12.c4 c6 13.b3 b6 14.Bb2 Bb7 15.Ne5 Bxe5 16.Ng4 Qf7
17.dxe5 c5 18.f4 Nf5 19.cxd5 Bxd5 20.Qd2 Qg6 21.Bd1 Rad8 22.Ne3 Nxe3 23.Qxe3 Nb8
24.Rf2 Nc6 25.Bc2 Qh5 26.Re1 Ne7 27.Qe2 Qh3 28.Qf1 Qg4 29.Qe2 Qh3 30.Qf1 Qh5
31.Qe2  1/2-1/2

[Event "Penta Media GM"]
[Site "Kelamabakkam IND"]
[Date "2000.08.20"]
[Round "7"]
[White "Barua,D"]
[Black "Prasad,D"]
[Result "1-0"]
[WhiteElo "2502"]
[BlackElo "2431"]

1.e4 e6 2.d4 d5 3.Nd2 Be7 4.c3 c5 5.Ngf3 Nf6 6.exd5 Qxd5 7.Bc4 Qd6 8.dxc5 Qxc5
9.Qe2 O-O 10.O-O Qc7 11.Re1 Nc6 12.Ne4 Nd5 13.Bb3 Bd7 14.Qd3 Nf6 15.Nfg5 Nxe4
16.Rxe4 Bxg5 17.Bxg5 Na5 18.Rh4 f5 19.Qh3 h6 20.Bxh6 gxh6 21.Rxh6 Qe5 22.Rg6+ Kf7
23.Qh7+ Ke8 24.Rd1 Bc8 25.Rg7  1-0

[Event "Open"]
[Site "Porto San Giorgio ITA"]
[Date "2000.08.21"]
[Round "2"]
[White "Rago,R"]
[Black "Naumkin,I"]
[Result "1/2-1/2"]
[WhiteElo "2209"]
[BlackElo "2440"]

1.e4 e6 2.d4 d5 3.Nd2 Nc6 4.Ngf3 Nf6 5.e5 Nd7 6.c3 f6 7.exf6 Qxf6 8.Be2 e5
9.dxe5 Ndxe5 10.Nxe5 Nxe5 11.Nf3 Nxf3+  1/2-1/2

[Event "Summer Festival Open"]
[Site "Lisbon POR"]
[Date "2000.08.24"]
[Round "4"]
[White "Damaso,R"]
[Black "Gunter,D"]
[Result "1-0"]
[WhiteElo "2386"]
[BlackElo "2139"]

1.e4 e6 2.d4 d5 3.Nd2 Be7 4.Ngf3 Nf6 5.e5 Nfd7 6.c3 c5 7.Bd3 Nc6 8.O-O Qb6
9.dxc5 Qc7 10.Nb3 Ncxe5 11.Bf4 Nxf3+ 12.Qxf3 Qd8 13.Qg3 O-O 14.Bc7 Qe8 15.Bb5 f6
16.c6 bxc6 17.Bxc6 Ba6 18.Rfe1  1-0

[Event "Open"]
[Site "Porto San Giorgio ITA"]
[Date "2000.08.24"]
[Round "5"]
[White "Safranska,A"]
[Black "Todorov,T"]
[Result "1-0"]
[WhiteElo "2337"]
[BlackElo "2481"]

1.e4 e6 2.d4 d5 3.Nd2 Nc6 4.Ngf3 Nf6 5.e5 Ne4 6.c3 Nxd2 7.Bxd2 Be7 8.Bd3 b6
9.O-O a5 10.Qe2 Bb7 11.Ne1 Qd7 12.f4 O-O-O 13.Bb5 Kb8 14.a3 Qc8 15.b4 Na7
16.Bd3 c5 17.bxc5 bxc5 18.dxc5 Bxc5+ 19.Kh1 Nc6 20.Nc2 Ka8 21.Rab1 Qc7 22.Nd4 Na7
23.a4 Rb8 24.Be3 Bc6 25.Nxe6 fxe6 26.Bxc5 Rxb1 27.Rxb1 Bxa4 28.Qf2 Rc8 29.Bd4 g6
30.h3 Bd7 31.Rb6 Rb8 32.Ra6 Rb7 33.Bb6 Qxc3 34.Bf1 Kb8 35.Bxa7+ Kc8 36.Bd4 Qc1
37.Ra8+ Kc7 38.Rxa5 Bb5 39.Ra1 Qc6 40.Bxb5 Qxb5 41.Rc1+ Kd7 42.Qh4  1-0

[Event "Penta Media GM"]
[Site "Kelamabakkam IND"]
[Date "2000.08.27"]
[Round "13"]
[White "Barua,D"]
[Black "Kunte,A"]
[Result "1/2-1/2"]
[WhiteElo "2502"]
[BlackElo "2556"]

1.e4 e6 2.d4 d5 3.Nd2 Be7 4.c3 c5 5.dxc5 Nf6 6.exd5 Nxd5 7.Ne4 O-O 8.Nf3 Nd7
9.Bc4 Nxc5 10.Nxc5 Bxc5 11.O-O Qc7 12.Qe2 b6 13.Bxd5 exd5 14.Nd4 Bb7 15.Re1 Qd7
16.Bf4 Rfe8 17.Qb5 Qxb5 18.Nxb5 Rxe1+ 19.Rxe1 Bc6 20.Nd4 Bd7 21.Re5 Re8 22.Rxe8+ Bxe8
23.b4 Bxd4  1/2-1/2

[Event "Open"]
[Site "Abudhabi UAE"]
[Date "2000.08.30"]
[Round "5"]
[White "El Arousy,A"]
[Black "Matveeva,S"]
[Result "1/2-1/2"]
[WhiteElo "2363"]
[BlackElo "2440"]

1.e4 e6 2.d4 d5 3.Nd2 Be7 4.Ngf3 Nf6 5.Bd3 c5 6.dxc5 dxe4 7.Nxe4 Nxe4 8.Bxe4 Qxd1+
9.Kxd1 Bxc5 10.Ke2 Nd7 11.c4 h6 12.Bd2 a5 13.Bc3 Nf6 14.Bc2 b6 15.Ne5 Bb7
16.Ba4+ Ke7 17.f3 Rhc8 18.Rhd1 Rc7 19.b3 Ba6 20.Nc6+ Kf8 21.Be5 Rcc8 22.Bxf6 gxf6
23.Rd7 Kg7 24.Rad1 Rf8 25.Rc7 Bc8 26.Ra7 Rxa7 27.Nxa7 Bb7 28.Rd7 Ba8 29.Bc6 Rb8
30.Bxa8 Rxa8 31.Nb5 Kg6 32.Nc3 Rb8 33.Ne4 Bg1 34.h3 f5 35.Nd6 Rf8 36.Rb7 Bc5
37.Rd7 h5 38.Nb7 Bb4 39.Nd8 Kf6 40.Nc6 Bc5 41.Nd8 Be7 42.Nc6 Bc5 43.Nd8 Kg6
44.Kf1 Be7 45.Nc6 Bc5 46.Nd8 Be7 47.Nc6 Bc5  1/2-1/2

[Event "Nordic Net Club Cup"]
[Site "Internet ICC"]
[Date "2000.09.16"]
[Round "2"]
[White "Stefansson,H"]
[Black "Antonsen,M"]
[Result "0-1"]
[WhiteElo "2557"]
[BlackElo "2377"]

1.e4 e6 2.d4 d5 3.Nd2 Be7 4.Ngf3 Nf6 5.Bd3 c5 6.exd5 Qxd5 7.dxc5 Qxc5 8.O-O O-O
9.Qe2 Nc6 10.Ne4 Nxe4 11.Qxe4 g6 12.Rd1 e5 13.Be3 Qa5 14.Bd2 Qc7 15.Bc3 f6
16.Bc4+ Kg7 17.Qe3 Bf5 18.Bb3 Rad8 19.Bd2 g5 20.h4 h6 21.hxg5 hxg5 22.Bc3 Qb6
23.Qe2 Bb4 24.Bxb4 Qxb4 25.c3 Qf4 26.Bd5 e4 27.Nh2 Rh8 28.g3 Qe5 29.Qb5 Ne7
30.Qxb7 Rd7 31.Qa6 Nxd5 32.c4 e3 33.cxd5 exf2+ 34.Kg2 Be4+  0-1

[Event "World Seniors"]
[Site "Rowy POL"]
[Date "2000.09.18"]
[Round "7"]
[White "Chehlov,A"]
[Black "Reichenbach,W"]
[Result "1/2-1/2"]
[WhiteElo "2242"]
[BlackElo "2310"]

1.e4 e6 2.d4 d5 3.Nd2 Nc6 4.Ngf3 Nf6 5.e5 Nd7 6.c3 f6 7.Bb5 a6 8.Bxc6 bxc6
9.O-O f5 10.Nb3 a5 11.Ng5 Qe7 12.a4 g6 13.Nh3 h6 14.Nf4 Qf7 15.Re1 Be7 16.Bd2 Nb6
17.Nc5 Bxc5 18.dxc5 Nd7 19.b4 Ba6 20.Be3 Bc4 21.Bd4 g5 22.Nh5 O-O 23.Nf6+ Nxf6
24.exf6 Rfe8 25.Be5 Kh7 26.Qd2 Ra7 27.Reb1 axb4 28.cxb4 Rea8 29.a5 Ba6 30.Ra3 Rg8
31.Re1 Raa8 32.Rae3 Rae8 33.Qc2 Rg6 34.Bd4 f4 35.Ra3 Kg8 36.Be5 Kf8 37.Bxc7 Rxf6
38.Bd6+ Kg8 39.Be5 Qg6 40.Qd2 Rf7 41.h3 Kh7 42.f3 Qf5 43.Rc3 Rb7 44.Qd4 Qg6
45.Kh2 Qf5 46.Bd6 e5 47.Bxe5 Rbe7 48.Bh8 Qf8 49.Rxe7+ Rxe7 50.Be5 Qf5 51.Bh8 Qb1
52.Qf6 Qe1 53.Rc1 Qg3+ 54.Kg1  1/2-1/2

[Event "World Seniors"]
[Site "Rowy POL"]
[Date "2000.09.22"]
[Round "10"]
[White "Schueler,Wo"]
[Black "Mayers,D"]
[Result "1-0"]
[WhiteElo "2083"]
[BlackElo "2107"]

1.e4 e6 2.d4 d5 3.Nd2 Nc6 4.Ngf3 Nf6 5.e5 Nd7 6.Be2 f6 7.exf6 Qxf6 8.Nf1 Bd6
9.Bg5 Qf7 10.Ne3 O-O 11.Bh4 Qh5 12.Bg3 Bxg3 13.fxg3 b6 14.Qd2 Bb7 15.g4 Qf7
16.O-O Qe7 17.Rad1 Rad8 18.c3 Nf6 19.Bd3 e5 20.Nf5 Qd7 21.Nxe5 Nxe5 22.dxe5 Ne8
23.Qg5 Kh8 24.Ne7 Nf6 25.exf6 gxf6 26.Ng6+ hxg6 27.Qxg6 Qg7 28.Qh5+ Kg8 29.Rf4 Rde8
30.Rdf1 Re5 31.Bh7+ Kh8 32.Bf5+ Kg8 33.g5 d4 34.cxd4 Re3 35.Rg4 Re2 36.Rg3 Rfe8
37.Qxe8+ Rxe8 38.gxf6 Qxg3 39.hxg3 Bd5 40.g4 Re2 41.Rf2 Re1+ 42.Kh2 Rd1 43.Re2 Rxd4
44.g5 Rf4 45.Re5 c6 46.g6 Kf8 47.Kg3 Rf1 48.f7 Bxf7 49.gxf7 Kxf7 50.Be6+ Kf6
51.Re2 c5 52.Bc4 Rc1 53.b3 Ra1 54.Kg4 Kg6 55.a4 Kf6 56.Re6+ Kg7 57.Re7+ Kf6
58.Rxa7 Rd1 59.Rf7+ Kg6 60.Re7  1-0

[Event "4NCL"]
[Site "Birmingham ENG"]
[Date "2000.09.24"]
[Round "2"]
[White "Ferguson,M"]
[Black "McDonald,N"]
[Result "1/2-1/2"]
[WhiteElo "2374"]
[BlackElo "2439"]

1.e4 e6 2.d4 d5 3.Nd2 Nc6 4.Ngf3 Nf6 5.e5 Nd7 6.Nb3 a5 7.Bf4 b6 8.a3 Ba6
9.Bxa6 Rxa6 10.Qd3 Ncb8 11.c4 dxc4 12.Qxc4 c6 13.O-O Be7 14.a4 O-O 15.Nbd2 Re8
16.Ne4 Nf8 17.Bg5 h6 18.Bxe7 Qxe7 19.Nd6 Rd8 20.Ra3 Ng6 21.Nd2 Rxd6 22.exd6 Qxd6
23.Nf3 Nf4 24.Re1 Ra7 25.Ne5 Rc7 26.Rb3 Nd5 27.Qe2 Nb4 28.Qg4 Nd7 29.Rg3 Qf8
30.Nc4 Nd5 31.Rb3 c5 32.dxc5 Rxc5 33.Ne3 Nxe3 34.Rbxe3 Nf6 35.Qd4 Nd5 36.Rg3 Rc6
37.h3 Kh8 38.Re4 f5 39.Re1 Kh7 40.Kh2 Qf7 41.b3 Kh8 42.Kg1 Kh7 43.Rf3 Qc7
44.g3 Rc1 45.Rxc1 Qxc1+ 46.Kh2 Qc7 47.Rd3 Qc2 48.Rf3 Qc7 49.Qb2 Kg8 50.Rd3 Kh8
51.Rd2 Qd6 52.Re2 Kg8 53.Qc1 Kf7 54.Rc2 Qe5 55.Qd1 Kf6 56.Rc8 Kg6 57.Qc2 Kh7
58.Re8 Nf6 59.Re7 Ne4 60.Rd7 Nc5 61.Rd1 Ne4 62.Rd7  1/2-1/2

[Event "WJun"]
[Site "Yerevan ARM"]
[Date "2000.09.26"]
[Round "8"]
[White "Ganguly,S"]
[Black "Berg,E"]
[Result "1-0"]
[WhiteElo "2498"]
[BlackElo "2456"]

1.e4 e6 2.d4 d5 3.Nd2 Be7 4.c3 c5 5.dxc5 Nf6 6.exd5 Qxd5 7.Ngf3 Qxc5 8.Bd3 O-O
9.Qe2 Nbd7 10.Nb3 Qc7 11.Bg5 b6 12.O-O Bb7 13.Rad1 Rfd8 14.Rfe1 Nc5 15.Nxc5 Qxc5
16.Ne5 Rd6 17.Bxf6 Bxf6 18.Bxh7+ Kxh7 19.Qh5+ Kg8 20.Qxf7+ Kh7 21.Qh5+ Kg8
22.Qf7+ Kh7 23.Rxd6 Bxe5 24.Qh5+ Kg8 25.Qxe5  1-0

[Event "Abihome Open"]
[Site "Brussels BEL"]
[Date "2000.10.07"]
[Round "3"]
[White "Vink,N"]
[Black "Vysochin,S"]
[Result "0-1"]
[WhiteElo "2296"]
[BlackElo "2511"]

1.e4 e6 2.d4 d5 3.Nd2 Be7 4.Bd3 c5 5.exd5 exd5 6.dxc5 Nd7 7.Nb3 Nxc5 8.Nf3 Nf6
9.O-O O-O 10.Bf4 Bg4 11.Nbd4 Nfe4 12.Be2 Ne6 13.Be3 Bf6 14.c3 Re8 15.Nxe6 fxe6
16.Qb3 Qc7 17.Rad1 Kh8 18.Bd4 e5 19.Be3 Be6 20.Qa4 a6 21.Rc1 b5 22.Qc2 Nd6
23.b3 Nf5 24.Ng5 Bxg5 25.Bxg5 Rac8 26.Qd2 Qf7 27.Bg4 Qg6 28.Bxf5 Bxf5 29.Be3 Bd3
30.Rfe1 Be4 31.g3 Bf3 32.Qc2 Qg4 33.Qd3 Re6 34.Qf1 Be4 35.Qe2 Bf3 36.Qf1 Rf8
37.Bc5 Rf5 38.Be3 Rh5 39.Rc2 Be4 40.Rd2 Qf3  0-1

[Event "EuYCh G18"]
[Site "Halkidiki GRE"]
[Date "2000.10.07"]
[Round "6"]
[White "Balogh,E"]
[Black "Makka,I"]
[Result "1-0"]
[WhiteElo "2001"]
[BlackElo "2134"]

1.e4 e6 2.d4 d5 3.Nd2 Nc6 4.c3 Nf6 5.e5 Nd7 6.Bd3 f5 7.Ndf3 Be7 8.Nh3 Nf8
9.Nf4 g6 10.h4 Qd7 11.Be3 Nd8 12.Nh3 h6 13.Qd2 Nf7 14.Ke2 b6 15.Rag1 h5 16.Nfg5 Nxg5
17.Bxg5 a5 18.f3 Ba6 19.Bxa6 Rxa6 20.g4 Bxg5 21.Nxg5 Kd8 22.gxf5 gxf5 23.Rg2 Kc8
24.Nh3 Ra7 25.Rhg1 c6 26.Qg5 Qh7 27.Nf4 Rf7 28.Qg3 Qh6 29.Qh2 Kd7 30.Rg5 Rfh7
31.Rxh5 Qxh5 32.Nxh5 Rxh5 33.Rg7+ Kc8 34.Qg3 Rxh4 35.Qg5 Rh2+ 36.Kd3 Nd7
37.Qe7 Rd8 38.Qxe6  1-0

[Event "ch-USA Playoff"]
[Site "Seattle USA"]
[Date "2000.10.07"]
[Round "5"]
[White "Benjamin,Joe"]
[Black "Shabalov,A"]
[Result "1-0"]
[WhiteElo "2577"]
[BlackElo "2601"]

1.e4 e6 2.d4 d5 3.Nd2 Be7 4.Ngf3 c5 5.exd5 exd5 6.dxc5 Nf6 7.Nb3 O-O 8.Be3 Nc6
9.c3 Bg4 10.Be2 Qc7 11.O-O Rad8 12.h3 Bh5 13.Nfd4 Bg6 14.Re1 Ne4 15.Nb5 Qe5
16.Qc1 Bh4 17.N5d4 Nxd4 18.Nxd4 Be7 19.Nf3 Qe6 20.b4 a5 21.a3 f5 22.Nd4 Qf6
23.Bf4 Be8 24.f3 Ng5 25.Bd3 Nxh3+ 26.gxh3 Qg6+ 27.Kh2  1-0

[Event "Abihome Open"]
[Site "Brussels BEL"]
[Date "2000.10.08"]
[Round "7"]
[White "Marechal,A"]
[Black "Vysochin,S"]
[Result "0-1"]
[WhiteElo "2212"]
[BlackElo "2511"]

1.e4 e6 2.d4 d5 3.Nd2 Be7 4.Ngf3 Nf6 5.exd5 exd5 6.Bd3 Bg4 7.c3 O-O 8.O-O c5
9.h3 Bh5 10.dxc5 Bxc5 11.Nb3 Bb6 12.Nbd4 Nc6 13.Be3 Re8 14.Qc2 Bxf3 15.Nxf3 Bxe3
16.fxe3 Rxe3 17.Rad1 h6 18.Qf2 Re8 19.Nd4 Nxd4 20.Qxd4 Qb6 21.Qxb6 axb6 22.a3 Re5
23.Rf4 Rae8 24.Rb4 R8e6 25.Bf1 Re4 26.Rb5 h5 27.Bd3 Rf4 28.Rf1 Rxf1+ 29.Kxf1 g6
30.Be2 Kf8 31.Bf3 Rd6 32.Ke2 Ke7 33.Rb4 Ke6 34.Kd3 Nd7 35.g4 hxg4 36.hxg4 Ne5+
37.Ke2 g5 38.Kf2 Ng6 39.Ra4 Nf4 40.Ra7 Nd3+ 41.Ke3 Nxb2 42.Rxb7 Nc4+ 43.Kd4 Nxa3
44.Be2 Nc2+ 45.Kd3 Ne1+ 46.Kd2 Ng2 47.Bf3 Nf4 48.Ke3 Rc6 49.Kd2 f6 50.c4 Rxc4
51.Rxb6+ Ke5 52.Rb8 Ra4 53.Bd1 Rd4+ 54.Kc2 Ng2 55.Be2 Re4 56.Bd3 Ne1+  0-1

[Event "EuYCh B16"]
[Site "Halkidiki GRE"]
[Date "2000.10.08"]
[Round "7"]
[White "Mamedov,N"]
[Black "Markos,J"]
[Result "1/2-1/2"]
[WhiteElo "2403"]
[BlackElo "2327"]

1.e4 e6 2.d4 d5 3.Nd2 Be7 4.Ngf3 Nf6 5.e5 Nfd7 6.Bd3 c5 7.c3 Nc6 8.O-O g5
9.dxc5 Nxc5 10.Bc2 g4 11.Nd4 Nxe5 12.Qe2 Bf6 13.f4 Nc6 14.Nxc6 bxc6 15.Qxg4 Ba6
16.Re1 Qb6 17.Kh1 Bd3 18.Qd1 Rg8 19.b4 Bxc2 20.Qxc2 Na6 21.Nb3 Qb5 22.Be3 O-O-O
23.a4 Qc4 24.Rac1 d4 25.Nxd4 Bxd4 26.Bxd4 Nxb4 27.cxb4 Qxc2 28.Rxc2 Rxd4
29.Rxc6+ Kb7 30.b5 Rc8 31.Rxc8 Kxc8 32.f5 Rxa4 33.fxe6 fxe6 34.h3 Kd7 35.Re5 Rf4
36.Rh5 Rf7 37.g4 Kd6 38.Kg2 e5 39.Rh6+ Kd5 40.b6 e4 41.bxa7 Rxa7 42.Kf2  1/2-1/2

[Event "ch-GRE"]
[Site "Agios Nikolaos GRE"]
[Date "2000.10.16"]
[Round "4"]
[White "Skembris,S"]
[Black "Halkias,S"]
[Result "1/2-1/2"]
[WhiteElo "2475"]
[BlackElo "2502"]

1.d4 e6 2.e4 d5 3.Nd2 Be7 4.Bd3 c5 5.exd5 Qxd5 6.Ngf3 cxd4 7.O-O Nc6 8.Be4 Qd7
9.Nb3 Nf6 10.Bxc6 Qxc6 11.Nbxd4 Qc5 12.Qe2 O-O  1/2-1/2

[Event "ch-ARG"]
[Site "Buenos Aires ARG"]
[Date "2000.10.18"]
[Round "8"]
[White "Pierrot,F"]
[Black "Giaccio,A"]
[Result "1/2-1/2"]
[WhiteElo "2423"]
[BlackElo "2505"]

1.e4 e6 2.d4 d5 3.Nd2 a6 4.Ngf3 Nf6 5.Bd3 c5 6.exd5 Qxd5 7.dxc5 Bxc5 8.O-O Nbd7
9.Qe2 O-O 10.Ne4 Nxe4 11.Bxe4 Qh5 12.Re1 Nf6 13.Bd3 Bd7 14.Ne5 Qxe2 15.Rxe2 Rad8
16.Nxd7 Rxd7 17.Bd2 Bd4 18.Rb1 Rc8 19.Kf1 g6 20.f3 h5 21.Ree1 Nd5 22.Ke2 Nb6
23.Red1 Nc4 24.Bxc4 Rxc4 25.Bc3 Rd5 26.Bxd4 Rcxd4  1/2-1/2

[Event "ch-ARG"]
[Site "Buenos Aires ARG"]
[Date "2000.10.21"]
[Round "11"]
[White "Rosito,J"]
[Black "Giaccio,A"]
[Result "1-0"]
[WhiteElo "2354"]
[BlackElo "2505"]

1.e4 e6 2.d4 d5 3.Nd2 a6 4.Ngf3 Nf6 5.Bd3 c5 6.dxc5 Bxc5 7.Qe2 Nc6 8.a3 Qc7
9.O-O h6 10.e5 Nd7 11.Nb3 Be7 12.Bf4 g5 13.Bg3 h5 14.h3 g4 15.hxg4 hxg4 16.Nfd4 Ncxe5
17.Qxg4 Nxg4 18.Bxc7 Nde5 19.Be2 Bf6 20.f4 Nc4 21.Bxg4 Ne3 22.Bf3 Nxf1 23.Rxf1 Bd7
24.Be5 Bxe5 25.fxe5 Rc8 26.c3 Ke7 27.Nc1 Rcg8 28.Nd3 Rg5 29.Re1 Rh6 30.Nc5 Bc8
31.a4 f6 32.Nd3 Bd7 33.a5 fxe5 34.Nxe5 Be8 35.Bxd5 Rhh5 36.Ndf3 Rxe5 37.Nxe5  1-0

[Event "TCh-SVK"]
[Site "SVK"]
[Date "2000.10.22"]
[Round "2"]
[White "Hacik,R"]
[Black "Huba,M sr"]
[Result "1-0"]
[WhiteElo "2251"]
[BlackElo "2179"]

1.e4 e6 2.d4 d5 3.Nd2 a6 4.Ngf3 c5 5.dxc5 Bxc5 6.Nb3 Ba7 7.exd5 exd5 8.Bd3 Bg4
9.O-O Ne7 10.Re1 Nc6 11.c3 Qd7 12.Be3 O-O 13.Nc5 Qc8 14.h3 Bxf3 15.Qxf3 Ne5
16.Bxh7+ Kxh7 17.Qh5+ Kg8 18.Qxe5 Bxc5 19.Bxc5 Qxc5 20.Qxe7 Qb5 21.Qe2 Qc6
22.Qh5 Rad8 23.Rad1 Rd7 24.Rd4 g6 25.Qg5 f5 26.Re5 Kf7 27.Rh4 Rg8 28.Rh7+ Rg7
29.Rxf5+ Kg8 30.Rxg7+ Kxg7 31.Rf4 Qe6 32.g3 Rf7 33.Kg2 Rxf4 34.Qxf4 b5 35.h4 Kh7
36.g4 a5 37.Kg3 Qe7 38.h5 gxh5 39.Qf5+ Kg7 40.Qxh5 Qd6+ 41.f4 Qc5 42.Qe5+ Kf8
43.f5 Qg1+ 44.Kh4 Qh1+ 45.Kg5 Qc1+ 46.Kg6 Qxb2 47.Kf6  1-0

[Event "It"]
[Site "Alushta UKR"]
[Date "2000.10.26"]
[Round "12"]
[White "Andreev,Ed"]
[Black "Itkis,B"]
[Result "1/2-1/2"]
[WhiteElo "2433"]
[BlackElo "2384"]

1.e4 e6 2.d4 d5 3.Nd2 Be7 4.e5 c5 5.Qg4 Kf8 6.dxc5 Nc6 7.Qe2 Bxc5 8.Nb3 Bb6
9.Nf3 f6 10.Be3 fxe5 11.Bxb6 axb6 12.Nxe5  1/2-1/2

[Event "22nd Open"]
[Site "Arco ITA"]
[Date "2000.10.27"]
[Round "7"]
[White "Tomescu,V"]
[Black "Drasko,M"]
[Result "1/2-1/2"]
[WhiteElo "2432"]
[BlackElo "2485"]

1.e4 e6 2.d4 d5 3.Nd2 Nc6 4.Ngf3 Nf6 5.e5 Nd7 6.Nb3 a5 7.a4 b6 8.Bg5 Be7
9.Bxe7 Qxe7 10.c3 O-O 11.Bb5 Ncb8 12.O-O c6 13.Bd3 Ba6 14.Re1 Bxd3 15.Qxd3 Rc8  1/2-1/2

[Event "34th Olympiad"]
[Site "Istanbul TUR"]
[Date "2000.10.29"]
[Round "2"]
[White "Godena,M"]
[Black "Morozevich,A"]
[Result "0-1"]
[WhiteElo "2485"]
[BlackElo "2756"]

1.e4 e6 2.d4 d5 3.Nd2 Be7 4.Bd3 c5 5.dxc5 Nf6 6.Qe2 Nc6 7.Ngf3 Nb4 8.Nb3 a5
9.Bg5 a4 10.Nbd2 h6 11.Bxf6 Bxf6 12.e5 Be7 13.Qe3 Qa5 14.Rc1 b6 15.cxb6 O-O
16.Nf1 Ba6 17.Ke2 Nxc2 18.Rxc2 Bb5 19.a3 f5 20.h3 Rab8 21.Rc1 g5 22.Qxg5+ hxg5
23.Nd4 g4 24.Rc6 Kf7 25.g3 Bxa3 26.bxa3 Rh8 27.Rc2 Ra8 28.Ra2 Ke7 29.Nc2 d4
30.Ra1 Rac8  0-1

[Event "34th Olympiad"]
[Site "Istanbul TUR"]
[Date "2000.10.30"]
[Round "3"]
[White "Dervishi,E"]
[Black "Kesmaecker,P"]
[Result "1-0"]
[WhiteElo "2478"]
[BlackElo "2293"]

1.e4 e6 2.d4 d5 3.Nd2 Nc6 4.Ngf3 Nf6 5.e5 Nd7 6.Be2 f6 7.exf6 Qxf6 8.Nb3 Bd6
9.O-O O-O 10.Bg5 Qg6 11.Bh4 b6 12.Bg3 Bxg3 13.hxg3 Bb7 14.Bb5 a6 15.Bxc6 Bxc6
16.Re1 Rae8 17.Qd2 Bb7 18.Ne5 Nxe5 19.Rxe5 Rf5 20.Rae1 Rxe5 21.Rxe5 Qf6 22.Nc1 c5
23.Ne2 Rc8 24.Qe3 Rc6 25.c3 Bc8 26.Rxd5 cxd4 27.Nxd4 exd5 28.Qe8+ Qf8 29.Qxc6 Qd8
30.Nc2 Kf7 31.Ne3 Be6 32.Qb7+ Kf6 33.Qxa6 d4 34.Qd3 Bxa2 35.cxd4 Qc8 36.Qb5 Qe6
37.d5 Qd6 38.Qa4 Bb1 39.Qd4+ Kf7 40.Nc4 Qc5 41.Qf4+ Ke7 42.Qe5+ Kd8 43.Qb8+ Ke7
44.d6+ Ke6 45.Qe8+ Kd5 46.d7  1-0

[Event "34th Olympiad Women"]
[Site "Istanbul TUR"]
[Date "2000.10.30"]
[Round "3"]
[White "Lakos,N"]
[Black "Voronova,T"]
[Result "0-1"]
[WhiteElo "2327"]
[BlackElo "2278"]

1.e4 e6 2.d4 d5 3.Nd2 Be7 4.Ngf3 Nf6 5.Bd3 c5 6.exd5 Qxd5 7.dxc5 Qxc5 8.Qe2 Nbd7
9.Nc4 Qc7 10.O-O O-O 11.Nce5 Nxe5 12.Nxe5 Nd5 13.c4 Nb4 14.Bb1 f6 15.Qh5 f5
16.Qe2 Bd6 17.f4 Nc6 18.Nxc6 Qxc6 19.Bd3 b6 20.b3 Rf6 21.Rf3 Rg6 22.Rg3 Bc5+
23.Be3 Rxg3 24.hxg3 Bb7 25.Bxc5 Qxc5+ 26.Qf2 Rd8 27.Qxc5 bxc5 28.Rd1 Kf7
29.Be2 Rxd1+ 30.Bxd1 e5 31.Kf2 Ke6 32.a3 a5 33.Bc2 h6 34.Bd1 Be4 35.Ke3 Bxg2
36.g4 Be4 37.fxe5 Kxe5 38.gxf5 Bxf5 39.Bf3 Bc2 40.b4 cxb4 41.axb4 axb4 42.c5 Bf5  0-1

[Event "34th Olympiad Women"]
[Site "Istanbul TUR"]
[Date "2000.10.30"]
[Round "3"]
[White "Levushkina,E"]
[Black "Aginian,N"]
[Result "1/2-1/2"]
[WhiteElo "2103"]
[BlackElo "2205"]

1.e4 e6 2.d4 d5 3.Nd2 Be7 4.Ngf3 Nf6 5.Bd3 c5 6.e5 Nfd7 7.c3 Nc6 8.O-O a5
9.Re1 Qb6 10.dxc5 Nxc5 11.Bc2 a4 12.Nd4 Bd7 13.N2f3 O-O 14.Ng5 Bxg5 15.Bxg5 Ne4
16.Bxe4 dxe4 17.Nxc6 Bxc6 18.Qe2 Rfe8 19.Rad1 Qc5 20.Bf4 a3 21.Rd4 axb2 22.Qxb2 Qa3
23.Re2 Qxb2 24.Rxb2 Ra3 25.c4 h6 26.Rdd2 Rea8 27.Rdc2 Rd3 28.Kf1 Ra4 29.Be3 Ra5
30.Bf4 Ra4 31.Be3 Ra5  1/2-1/2

[Event "34th Olympiad"]
[Site "Istanbul TUR"]
[Date "2000.10.30"]
[Round "3"]
[White "Hassan,Say"]
[Black "Temirbaev,S"]
[Result "1/2-1/2"]
[WhiteElo "2365"]
[BlackElo "2445"]

1.e4 e6 2.d4 d5 3.Nd2 Be7 4.Ngf3 Nf6 5.exd5 exd5 6.Bd3 O-O 7.O-O Bg4 8.Re1 c5
9.h3 Bh5 10.c3 Nc6 11.dxc5 Bxc5 12.Nb3 Bb6 13.Be3 Re8 14.Nbd4 Nxd4 15.cxd4 Ba5
16.Rf1 Bc7 17.Be2 Ne4 18.Ne5 Bxe2 19.Qxe2 Bxe5 20.dxe5 Rxe5 21.Bd4 Re6 22.Qb5 b6
23.Rfd1 Qd6 24.Rac1 h6 25.Rd3 Rd8 26.Be3 Qe5 27.Bd4 Qh5 28.Re3 Nd6 29.Qa6 Rd7
30.g4 Qg5 31.Rce1 Re4 32.Rxe4 dxe4 33.a4 Qd5 34.Bc3 Qc5 35.Qe2 Re7 36.Qd2 Re6
37.Bb4 Qe5 38.f4 Qf6 39.f5 Nc4 40.Qd5 Rc6 41.Be7 Qe5 42.Qxe5 Nxe5 43.Rxe4 f6
44.Ba3 Rc2 45.Kf1 Kh7 46.Rd4 h5 47.gxh5 Kh6 48.Bd6 Nc6 49.Rg4 Rxb2 50.Bf8 Kxh5
51.Bxg7 Ne5 52.Rg3 Nd7 53.Rd3 Nc5 54.Rg3 Rb4 55.Bxf6 Rf4+ 56.Kg2 Rxf5 57.Bd4 Ne6
58.Be3 Re5 59.Kf3 Rf5+ 60.Kg2 Rd5 61.Rg4 Rd3 62.Re4 Ng7 63.Bf2 Nf5 64.a5 Rb3
65.Re6 bxa5  1/2-1/2

[Event "34th Olympiad"]
[Site "Istanbul TUR"]
[Date "2000.10.30"]
[Round "3"]
[White "Silva Sanchez,C"]
[Black "Alzaim,T"]
[Result "1-0"]
[WhiteElo "2407"]
[BlackElo "2249"]

1.e4 e6 2.d4 d5 3.Nd2 Nc6 4.Ngf3 Nf6 5.e5 Nd7 6.Nb3 f6 7.exf6 Nxf6 8.Bb5 Bd6
9.O-O O-O 10.Bg5 Ne7 11.Bd3 Qe8 12.Re1 Qh5 13.h3 Nc6 14.Bd2 a5 15.a4 Bd7
16.Ne5 Qh4 17.Qe2 Bc8 18.Nf3 Ne4 19.Bf4 Qxf4 20.Bxe4 dxe4 21.Qxe4 Qxe4 22.Rxe4 Re8
23.Rae1 Rd8 24.Nbd2 Kf7 25.Nc4 Bf4 26.Kf1 Ne5 27.Ncxe5+ Kf6 28.d5 g5 29.Nd3 Rxd5
30.Rd4 Rf5 31.Rd8 Bh2 32.b4 Ke7 33.Rh8 Rxf3 34.Rxh7+ Kd6 35.gxf3 Bg1 36.f4 gxf4
37.Ne5 Kd5  1-0